[Event "US Chess League"]
[Site "Internet"]
[Date "2006.11.01"]
[Round "10"]
[White "Larson Gerald A (USA)"]
[Black "Jones Craig (USA)"]
[Result "0-1"]
[WhiteElo "2153"]
[BlackElo "2210"]

1.e4 e6 2.d4 d5 3.Nd2 Nf6 4.e5 Nfd7 5.Bd3 c5 6.c3 Nc6 7.Ne2 cxd4 8.cxd4 f6
9.exf6 Nxf6 10.O-O Bd6 11.Nf3 O-O 12.Bf4 Bxf4 13.Nxf4 Ne4 14.Nh5 Bd7 15.Ng3
Nxg3 16.hxg3 Qb6 17.Qd2 Rxf3 18.gxf3 Nxd4 19.Kg2 e5 20.Qg5 Rf8 21.Qxe5 Nxf3
22.Qe7 Bh3+ {#R} 0-1

[Event "Ch England (team) 2006/07 (2 div)"]
[Site "England"]
[Date "2006.11.12"]
[Round "4"]
[White "Garner David (ENG)"]
[Black "Anderton Matthew (ENG)"]
[Result "1-0"]
[WhiteElo "2179"]
[BlackElo "2230"]

1.e4 e6 2.d4 d5 3.Nd2 Nf6 4.e5 Nfd7 5.Bd3 c5 6.c3 Nc6 7.Ne2 cxd4 8.cxd4 f6
9.exf6 Nxf6 10.Nf3 Bd6 11.O-O O-O 12.Re1 Ng4 13.h3 Nxf2 14.Kxf2 e5 15.Qb3 Be6
16.Nf4 Nxd4 17.Nxd4 Bc5 18.Ke2 exf4 19.Nxe6 Qh4 20.Qxd5 Rfe8 21.Kd1 Bb4
22.Nc7+ Kh8 23.Rxe8+ Rxe8 24.Nxe8 {#r} 1-0

[Event "Ch Mittelfranken (team) (B1) 2006/07"]
[Site "Germany"]
[Date "2006.11.12"]
[Round "2"]
[White "Pranschke Gerd (GER)"]
[Black "Rossbach Knut"]
[Result "1-0"]
[WhiteElo "2040"]
[BlackElo "2029"]

1.e4 e6 2.d4 d5 3.Nd2 Nf6 4.e5 Nfd7 5.c3 c5 6.Bd3 Nc6 7.Ne2 Qb6 8.Nf3 cxd4
9.cxd4 f6 10.exf6 Nxf6 11.O-O Bd6 12.Nc3 O-O 13.Be3 Bd7 14.Re1 Rae8 15.Rc1 Bb8
16.b3 Bc8 17.Bg5 Kh8 18.Bb1 Rf7 19.Bh4 Ref8 20.Ng5 Nxd4 21.Nxf7+ Rxf7 22.Na4
{#r} 1-0

[Event "It (open)"]
[Site "Belgrade (Yugoslavia)"]
[Date "2006.11.25"]
[Round "4"]
[White "Damjanovic Lazar (SRB)"]
[Black "Gluscevic Marko (SRB)"]
[Result "1-0"]
[WhiteElo "2117"]
[BlackElo "1768"]

1.e4 e6 2.d4 d5 3.Nd2 Nf6 4.e5 Nfd7 5.Bd3 c5 6.c3 Nc6 7.Ne2 Qb6 8.Nf3 cxd4
9.cxd4 Bb4+ 10.Kf1 f6 11.Nf4 Nxd4 12.Nxd4 Qxd4 13.Bg6+ {#r} 1-0

[Event "It (open) \"]
[Site "Salekhard (Russia)"]
[Date "2006.11.29"]
[Round "1"]
[White "Kochetkova Julia (RUS)"]
[Black "Ivanov Valentin (BUL)"]
[Result "1-0"]
[WhiteElo "2342"]
[BlackElo "1871"]

1.e4 e6 2.d4 d5 3.Nd2 Nf6 4.e5 Nfd7 5.c3 c5 6.Bd3 Nc6 7.Ne2 Qb6 8.Nf3 cxd4
9.cxd4 Qb4+ 10.Kf1 Be7 11.h4 O-O 12.Nf4 Kh8 13.Ng5 Kg8 14.Qh5 Bxg5 15.hxg5 f6
16.g6 {#r} 1-0

[Event "It (cat.7)"]
[Site "Sofia (Bulgaria)"]
[Date "2006.11.29"]
[Round "1"]
[White "Georgiev Krum (BUL)"]
[Black "Organdziev Oliver (MKD)"]
[Result "1-0"]
[WhiteElo "2504"]
[BlackElo "2298"]

1.e4 e6 2.d4 d5 3.Nd2 Nf6 4.e5 Nfd7 5.Bd3 c5 6.c3 Nc6 7.Ne2 cxd4 8.cxd4 f6
9.exf6 Nxf6 10.O-O Bd6 11.Nf3 O-O 12.Re1 e5 13.dxe5 Nxe5 14.Nxe5 Bxe5 15.Nf4
Qd6 16.g3 g5 17.Nxd5 Nxd5 18.Qh5 Nf6 19.Qxg5+ Kh8 20.Qxe5 Qxd3 21.Bh6 {#r} 1-0

[Event "Tournament (open) (under 2200)"]
[Site "Birigui (Brazil)"]
[Round "3"]
[White "Guido Caporale Giuseppe"]
[Black "Costa Paulo C (BRA)"]
[Result "0-1"]
[WhiteElo "1879"]
[BlackElo "2121"]

1.e4 e6 2.d4 d5 3.Nd2 Nf6 4.Bd3 c5 5.c3 Nc6 6.e5 Nd7 7.Ne2 cxd4 8.cxd4 Qb6
9.Nf3 f6 10.exf6 Nxf6 11.O-O Bd6 12.a3 O-O 13.b4 e5 14.dxe5 Nxe5 15.Nxe5 Bxe5
16.Rb1 Ng4 17.Qb3 Rxf2 18.Rxf2 Qxf2+ {#R} 0-1

[Event "Ch Slovakia (team) 2006/07 (1 liga) West"]
[Site "Slovakia"]
[Date "2006.12.02"]
[Round "5"]
[White "Blatnicky Miroslav (SVK)"]
[Black "Dobrotka Martin (SVK)"]
[Result "1-0"]
[WhiteElo "2163"]
[BlackElo "2211"]

1.e4 e6 2.d4 d5 3.Nd2 Nf6 4.e5 Nfd7 5.Bd3 c5 6.c3 Nc6 7.Ne2 cxd4 8.cxd4 f6
9.Nf4 Qe7 10.Qh5+ Qf7 11.Qxf7+ Kxf7 12.exf6 gxf6 13.Nb3 Bd6 14.O-O Nf8 15.Bd2
Ng6 16.Ne2 b6 17.Rac1 Bb7 18.Rc2 Rac8 19.Rfc1 Nb4 20.Bxb4 Bxb4 21.Rc7+ {#r}
1-0

[Event "Tournament (swiss)"]
[Site "Lisbon (Portugal)"]
[Date "2006.12.28"]
[Round "1"]
[White "Blalock Rex (USA)"]
[Black "Placido Maria Armanda (POR)"]
[Result "1-0"]
[WhiteElo "2207"]
[BlackElo "1860"]

1.e4 e6 2.d4 d5 3.Nd2 Nf6 4.e5 Nfd7 5.Bd3 c5 6.c3 Nc6 7.Ne2 Qb6 8.Nf3 cxd4
9.cxd4 f6 10.exf6 Nxf6 11.O-O Bd6 12.Bf4 Bxf4 13.Nxf4 O-O 14.Ng5 Nxd4 15.Nxh7
Nxh7 16.Bxh7+ Kxh7 17.Qh5+ Kg8 18.Ng6 Rf6 19.Qh8+ Kf7 20.Ne5+ Ke7 21.Qxg7+ Kd6
22.Qxf6 {#r} 1-0

[Event "Ch France (team) (juniors) (under 20)"]
[Site "France"]
[Round "7"]
[White "Auvray Simon (FRA)"]
[Black "Laurent Maxime (FRA)"]
[Result "0-1"]
[WhiteElo "1899"]
[BlackElo "2017"]

1.e4 e6 2.d4 d5 3.Nd2 Nf6 4.e5 Nfd7 5.Bd3 c5 6.c3 Nc6 7.Ne2 Qb6 8.Nf3 cxd4
9.cxd4 f6 10.exf6 Nxf6 11.O-O Bd6 12.b3 O-O 13.Bf4 Bxf4 14.Nxf4 Ne4 15.g3 Nxd4
16.Bxe4 dxe4 17.Ng5 e5 18.Ne2 Bg4 19.Re1 Nxe2+ 20.Rxe2 Qb5 {#R} 0-1

[Event "Ch City"]
[Site "Schwerin (Germany)"]
[Round "2"]
[White "Zimmermann Gordon (GER)"]
[Black "Miedeck Franz"]
[Result "1-0"]
[WhiteElo "1912"]
[BlackElo "1601"]

1.e4 e6 2.d4 d5 3.Nd2 Nf6 4.e5 Nfd7 5.Bd3 c5 6.c3 Nc6 7.Ne2 cxd4 8.cxd4 Be7
9.O-O O-O 10.Nf3 f5 11.exf6 Bxf6 12.Nf4 Nb6 13.Bc2 e5 14.dxe5 Nxe5 15.Nxe5
Bxe5 16.Qh5 {#r} 1-0

[Event "It (open)"]
[Site "Zagreb (Croatia)"]
[Date "2007.03.22"]
[Round "6"]
[White "Jerkovic Ivan (CRO)"]
[Black "Kovacic Damir (CRO)"]
[Result "1-0"]
[WhiteElo "2170"]
[BlackElo "2038"]

1.e4 e6 2.d4 d5 3.Nd2 Nf6 4.e5 Nfd7 5.Bd3 c5 6.c3 cxd4 7.cxd4 Qb6 8.Ne2 Nc6
9.Nf3 Be7 10.O-O Qd8 11.b3 b6 12.Ne1 a5 13.Bb5 Bb7 14.f4 Na7 15.Bd3 f5 16.exf6
Bxf6 17.Nf3 Nc6 18.Ne5 Ncxe5 19.fxe5 Bg5 20.Nf4 Qe7 21.Qh5+ {#r} 1-0

[Event "Ch Poland (juniors) (under 18) (g)"]
[Site "Leba (Poland)"]
[Date "2007.03.24"]
[Round "1"]
[White "Swieszek Joanna (POL)"]
[Black "Kaniak Monika (POL)"]
[Result "0-1"]
[WhiteElo "1822"]
[BlackElo "1981"]

1.e4 e6 2.d4 d5 3.Nd2 Nf6 4.e5 Nfd7 5.Bd3 c5 6.c3 Nc6 7.Ne2 cxd4 8.cxd4 f6
9.exf6 Nxf6 10.Nf3 Bd6 11.O-O O-O 12.Re1 Ng4 13.Ng3 e5 14.dxe5 Ncxe5 15.Nxe5
Bxe5 16.f3 Bd4+ 17.Kf1 Nxh2+ 18.Ke2 Re8+ 19.Kd2 Qa5+ {#R} 0-1

[Event "Ch Schleswig Holstein (young seniors)"]
[Site "Itzehoe (Germany)"]
[Round "1"]
[White "Magdorf Peter"]
[Black "Weck Uwe (GER)"]
[Result "1-0"]
[WhiteElo "1822"]
[BlackElo "1737"]

1.e4 e6 2.d4 d5 3.Nd2 Nf6 4.e5 Nfd7 5.Bd3 c5 6.c3 Nc6 7.Ne2 Qb6 8.Nf3 cxd4
9.cxd4 Bb4+ 10.Bd2 a6 11.O-O Qa7 12.Rc1 Ba5 13.Rxc6 bxc6 14.Bxa5 O-O 15.Qc2 c5
16.Bxh7+ Kh8 17.Ng5 cxd4 18.Bb4 Bb7 19.Qd3 Nxe5 20.Qh3 g6 21.Bxg6+ Kg7 22.Bb1
Rh8 23.Qg3 Kf6 24.Qf4+ {#r} 1-0

[Event "Ch City"]
[Site "Pruszcz Gdanski (Poland)"]
[Round "0"]
[White "Murawski Wieslaw (POL)"]
[Black "Zielinski Wojciech (POL)"]
[Result "1-0"]
[WhiteElo "2140"]
[BlackElo "1897"]

1.e4 e6 2.d4 d5 3.Nd2 Nf6 4.e5 Nfd7 5.Bd3 c5 6.c3 Nc6 7.Ne2 cxd4 8.cxd4 Bb4
9.O-O f6 10.exf6 Nxf6 11.Nf3 O-O 12.Bf4 Ne4 13.Qc2 e5 14.Nxe5 Nxd4 15.Nxd4
Rxf4 16.Ne2 Rh4 17.Nf3 Bf5 18.Nxh4 Qxh4 19.Ng3 Bd6 20.Qb3 Nxg3 21.Qxd5+ Kh8
22.fxg3 Be6 23.Qxd6 {#r} 1-0

[Event "It (open)"]
[Site "Ano Liosia (Greece)"]
[Date "2007.04.24"]
[Round "1"]
[White "Ilandzis Spyridon (GRE)"]
[Black "Mihok Marios (GRE)"]
[Result "1-0"]
[WhiteElo "2176"]
[BlackElo "1919"]

1.e4 e6 2.d4 d5 3.Nd2 Nf6 4.e5 Nfd7 5.Bd3 c5 6.c3 Nc6 7.Ne2 Qb6 8.Nf3 cxd4
9.cxd4 Be7 10.O-O f6 11.Nf4 fxe5 12.Nxe5 Ndxe5 13.dxe5 Nxe5 14.Qh5+ Nf7
15.Bxh7 Qd4 16.Ng6 Rxh7 17.Qxh7 Qf6 18.Bd2 b6 19.Rac1 Bd6 20.Bc3 e5 21.f4 Bc5+
22.Kh1 d4 23.fxe5 Qe6 24.Qg8+ {#r} 1-0

[Event "Ch Netherlands (juniors) (under 20) (g)"]
[Site "Venlo (Netherlands)"]
[Date "2007.05.04"]
[Round "8"]
[White "Brandenburg Lucia (NED)"]
[Black "Middelveld Martine (NED)"]
[Result "0-1"]
[WhiteElo "1920"]
[BlackElo "2009"]

1.e4 e6 2.d4 d5 3.Nd2 Nf6 4.e5 Nfd7 5.c3 c5 6.Bd3 Nc6 7.Ne2 cxd4 8.cxd4 f6
9.exf6 Nxf6 10.Nf3 Bd6 11.O-O Qc7 12.Bg5 O-O 13.a3 Bd7 14.Re1 Qb6 15.Bf4 Bxf4
16.Nxf4 Rae8 17.Rb1 Qc7 18.Ne2 e5 19.dxe5 Nxe5 20.Nxe5 Rxe5 21.Qb3 Bc6 22.Rbc1
Ng4 23.Nd4 Rxe1+ 24.Rxe1 Qxh2+ {#R} 0-1

[Event "Ch Spain (universities)"]
[Site "Cartagena (Spain)"]
[Date "2007.05.08"]
[Round "5"]
[White "Garcia Rodriguez Vanessa (ESP)"]
[Black "Massanet Massanet Sebastian (ESP)"]
[Result "0-1"]
[WhiteElo "1969"]
[BlackElo "2208"]

1.e4 e6 2.d4 d5 3.Nd2 Nf6 4.e5 Nfd7 5.Bd3 c5 6.c3 Nc6 7.Ne2 cxd4 8.cxd4 f6
9.exf6 Nxf6 10.O-O Bd6 11.Nf3 O-O 12.Bg5 Qc7 13.Bh4 Nh5 14.Ng3 Nf4 15.Bc2 g6
16.Re1 Qg7 17.Ne2 Nh3+ 18.Kf1 g5 19.Bg3 Bxg3 20.hxg3 g4 21.gxh3 gxf3 22.Nf4
Rxf4 {#R} 0-1

[Event "Ch Greece (juniors) (under 12)"]
[Site "Halkidiki, Greece"]
[Date "2007.06.26"]
[Round "2"]
[White "Drakakis Georgios (GRE)"]
[Black "Kafetzis Georgios (GRE)"]
[Result "1-0"]
[WhiteElo "1793"]
[BlackElo "1895"]

1.e4 e6 2.d4 d5 3.Nd2 Nf6 4.e5 Nfd7 5.Bd3 c5 6.c3 Nc6 7.Ne2 Qb6 8.Nf3 cxd4
9.cxd4 f6 10.exf6 Nxf6 11.O-O Bd6 12.Re1 O-O 13.Bc2 Kh8 14.Nc3 Bd7 15.Re2 Rac8
16.a3 Na5 17.Qd3 Nc4 18.b3 Nxa3 19.Bxa3 Bxa3 20.Rxa3 Ng4 21.Qxh7# 1-0

[Event "It (open) \"]
[Site "St. Petersburg (Russia)"]
[Date "2007.07.01"]
[Round "7"]
[White "Bronnikova Elizaveta (RUS)"]
[Black "Efremova Daria (RUS)"]
[Result "1-0"]
[WhiteElo "2296"]
[BlackElo "2047"]

1.e4 e6 2.d4 d5 3.Nd2 Nf6 4.e5 Nfd7 5.Bd3 c5 6.c3 Nc6 7.Ne2 cxd4 8.cxd4 Nb4
9.Bb1 Nb6 10.a3 Na6 11.O-O Bd7 12.Nc3 Nc7 13.Bd3 Be7 14.f4 Rc8 15.Nf3 Nc4
16.b3 Na5 17.Bd2 Na6 18.f5 Qb6 19.fxe6 fxe6 20.Ne2 Nc6 21.Kh1 Nc7 22.Ng5 Nxd4
23.Nxd4 Qxd4 24.Qh5+ {#r} 1-0

[Event "Ch Belgium (open)"]
[Site "Namur (Belgium)"]
[Date "2007.07.04"]
[Round "5"]
[White "Ponnet Hendrik (BEL)"]
[Black "Peelman Lieven"]
[Result "1-0"]
[WhiteElo "2035"]
[BlackElo "1867"]

1.e4 e6 2.d4 d5 3.Nd2 Nf6 4.e5 Nfd7 5.Bd3 c5 6.c3 Nc6 7.Ne2 cxd4 8.cxd4 Be7
9.Nf3 O-O 10.h4 f6 11.Nf4 Bb4+ 12.Kf1 Qe8 13.Qe2 fxe5 14.dxe5 Bc5 15.Ng5 Ndxe5
16.Bxh7+ Kh8 17.Bg6 Rf7 18.Bxf7 Nxf7 19.Qh5+ {#r} 1-0

[Event "It (open) (b)"]
[Site "Barbera (Spain)"]
[Date "2007.07.10"]
[Round "5"]
[White "Alquezar Calpena Marc (ESP)"]
[Black "Colom Andres Xavier (ESP)"]
[Result "0-1"]
[WhiteElo "1808"]
[BlackElo "2018"]

1.e4 e6 2.d4 d5 3.Nd2 Nf6 4.e5 Nfd7 5.Bd3 c5 6.c3 Nc6 7.Ne2 cxd4 8.cxd4 f6
9.exf6 Qxf6 10.Nf3 h6 11.Bf4 Bb4+ 12.Kf1 O-O 13.a3 Ba5 14.Bg3 e5 15.dxe5 Ndxe5
16.Bb5 Nxf3 17.Qxd5+ Be6 18.Qxf3 Qxb2 {#R} 0-1

[Event "Ch Vietnam (juniors) (under 15)"]
[Site "Vung Tau (Vietnam)"]
[Date "2007.07.10"]
[Round "5"]
[White "Vu Phi Hung (VIE)"]
[Black "Huynh Lam Binh Nguyen (VIE)"]
[Result "1-0"]
[WhiteElo "2105"]
[BlackElo "2021"]

1.e4 e6 2.d4 d5 3.Nd2 Nf6 4.e5 Nfd7 5.Bd3 c5 6.c3 Nc6 7.Ne2 cxd4 8.cxd4 f6
9.f4 fxe5 10.fxe5 Nxd4 11.Nxd4 Qh4+ 12.g3 Qxd4 13.Qh5+ g6 14.Bxg6+ hxg6
15.Qxh8 Nxe5 16.Qg8 Qg4 17.O-O Nd7 18.Nb3 {#r} 1-0

[Event "Tournament (a)"]
[Site "Warsaw (Poland)"]
[Date "2007.07.13"]
[Round "2"]
[White "Krawczyk Cezary (POL)"]
[Black "Krasiewicz Robert (POL)"]
[Result "1-0"]
[WhiteElo "2081"]
[BlackElo "2047"]

1.e4 e6 2.d4 d5 3.Nd2 Nf6 4.e5 Nfd7 5.Bd3 c5 6.c3 Nc6 7.Ne2 cxd4 8.cxd4 f6
9.exf6 Qxf6 10.Nf3 Bd6 11.O-O h6 12.Be3 O-O 13.Qd2 e5 14.dxe5 Ndxe5 15.Nxe5
Bxe5 16.Bc5 Rd8 17.Bc2 Bxb2 18.Rab1 Be5 19.Qd3 b6 20.Ba3 Be6 21.Ng3 Bxg3
22.Qh7+ Kf7 23.fxg3 {#r} 1-0

[Event "It (open) \"]
[Site "Copenhagen (Denmark)"]
[Date "2007.07.23"]
[Round "4"]
[White "Sjol Henrik (NOR)"]
[Black "Fjellheim Marius (NOR)"]
[Result "1-0"]
[WhiteElo "1870"]
[BlackElo "1798"]

1.e4 e6 2.d4 d5 3.Nd2 Nf6 4.e5 Nfd7 5.Bd3 c5 6.c3 Nc6 7.Ne2 Qb6 8.Nf3 cxd4
9.cxd4 Be7 10.O-O O-O 11.Nf4 Nb4 12.Bb1 f6 13.exf6 Nxf6 14.Ng5 Bd7 15.a3 Na6
16.Qd3 Bb5 17.Qh3 Bxf1 18.Bxh7+ {#r} 1-0

[Event "Ch Netherlands (open)"]
[Site "Dieren (Netherlands)"]
[Date "2007.07.24"]
[Round "1"]
[White "Brandenburg Daan (NED)"]
[Black "Dhar-Barua Saheli (IND)"]
[Result "1-0"]
[WhiteElo "2483"]
[BlackElo "2180"]

1.e4 e6 2.d4 d5 3.Nd2 Nf6 4.e5 Nfd7 5.c3 c5 6.Bd3 Nc6 7.Ne2 cxd4 8.cxd4 f6
9.exf6 Nxf6 10.O-O Bd6 11.Nf3 Qc7 12.Bg5 O-O 13.Rc1 Bd7 14.Ng3 Be8 15.Re1 Nh5
16.Rxe6 Nxg3 17.hxg3 h6 18.Bxh6 gxh6 19.Rxh6 Rd8 20.Qd2 Qg7 21.Bh7+ Kf7 22.Re1
{#r} 1-0

[Event "It (open) \"]
[Site "Copenhagen (Denmark)"]
[Date "2007.07.25"]
[Round "6"]
[White "Thorvaldsson Arni (ISL)"]
[Black "Rasmussen Uffe (DEN)"]
[Result "1-0"]
[WhiteElo "1987"]
[BlackElo "2136"]

1.e4 e6 2.d4 d5 3.Nd2 Nf6 4.e5 Nfd7 5.Bd3 c5 6.c3 Nc6 7.Ne2 cxd4 8.cxd4 f6
9.exf6 Nxf6 10.Nf3 Bd6 11.O-O O-O 12.Bf4 Bxf4 13.Nxf4 Ne4 14.Qc1 Qf6 15.Ne2
Bd7 16.Qe3 Nd6 17.Ne5 Qe7 18.Nf4 Rf6 19.Ng4 Rf7 20.Bxh7+ Kh8 21.Qh3 Rxf4
22.Bg6+ {#r} 1-0

[Event "It (open) (b)"]
[Site "Grodzisk Mazowiecki (Poland)"]
[Date "2007.07.25"]
[Round "6"]
[White "Jaworska Aleksandra (POL)"]
[Black "Traczyk Pawel (POL)"]
[Result "0-1"]
[WhiteElo "1663"]
[BlackElo "1843"]

1.e4 e6 2.d4 d5 3.Nd2 Nf6 4.e5 Nfd7 5.Bd3 c5 6.c3 Nc6 7.Ne2 cxd4 8.cxd4 f6
9.exf6 Nxf6 10.O-O Bd6 11.Nf3 O-O 12.Nc3 e5 13.dxe5 Nxe5 14.Nxe5 Bxe5 15.Ne2
Bxh2+ 16.Kh1 Ng4 17.g3 Nxf2+ 18.Rxf2 Rxf2 19.Bf4 Bg4 20.Qe1 Bf3# 0-1

[Event "It (open) (juniors) (under 16)"]
[Site "Hengelo (Netherlands)"]
[Date "2007.08.06"]
[Round "1"]
[White "Glasbeek Steven"]
[Black "Tan Jonathan (PHI)"]
[Result "1-0"]
[WhiteElo "1653"]
[BlackElo "2220"]

1.e4 e6 2.d4 d5 3.Nd2 Nf6 4.e5 Nfd7 5.Bd3 c5 6.c3 Nc6 7.Ne2 cxd4 8.cxd4 f6
9.exf6 Nxf6 10.f4 Bd6 11.O-O O-O 12.Nf3 Qb6 13.Kh1 Bd7 14.Ne5 Bxe5 15.fxe5 Ng4
16.Nf4 Nh6 17.Qh5 Qxd4 18.Be3 Qxe3 19.Bxh7+ Kxh7 20.Qg6+ Kg8 21.Nh5 Qxe5
22.Rf6 Qxf6 {#r} 1-0

[Event "Ch Vietnam (team)"]
[Site "Dalat City (Vietnam)"]
[Date "2007.08.22"]
[Round "1"]
[White "Vu Phi Hung (VIE)"]
[Black "Doan Van Duc (VIE)"]
[Result "0-1"]
[WhiteElo "2105"]
[BlackElo "2107"]

1.e4 e6 2.d4 d5 3.Nd2 Nf6 4.e5 Nfd7 5.Bd3 c5 6.c3 Nc6 7.Ne2 cxd4 8.cxd4 f6
9.exf6 Nxf6 10.Nf3 Bd6 11.O-O O-O 12.Re1 e5 13.dxe5 Nxe5 14.Nxe5 Bxe5 15.Qc2
Ng4 16.h3 Bh2+ 17.Kh1 Qh4 18.Ng1 Bd6 19.Be3 Rxf2 20.Qb3 Be6 21.Nf3 Rxf3
22.gxf3 Qxh3+ 23.Kg1 Bh2+ 24.Kh1 Qxf3# 0-1

[Event "It (open)"]
[Site "Brasschaat (Belgium)"]
[Date "2007.08.23"]
[Round "6"]
[White "Decrop Ruben (BEL)"]
[Black "Van Vliet Dennis (BEL)"]
[Result "0-1"]
[WhiteElo "2008"]
[BlackElo "2080"]

1.e4 e6 2.d4 d5 3.Nd2 Nf6 4.e5 Nfd7 5.Bd3 c5 6.c3 Nc6 7.Ne2 cxd4 8.cxd4 f6
9.Nf4 Nxd4 10.Qh5+ Ke7 11.exf6+ Nxf6 12.Ng6+ hxg6 13.Qxh8 Kf7 14.O-O e5 15.Nf3
Nxf3+ 16.gxf3 e4 17.fxe4 Nh5 18.Be3 Qh4 19.f3 Bh3 20.e5 Bc5 21.Qxa8 Qg5+ {#R}
0-1

[Event "It \"]
[Site "Seefeld (Austria)"]
[Date "2007.09.02"]
[Round "2"]
[White "Schnegg Martin (AUT)"]
[Black "Werner Bernd (GER)"]
[Result "0-1"]
[WhiteElo "2060"]
[BlackElo "1969"]

1.e4 e6 2.d4 d5 3.Nd2 Nf6 4.e5 Nfd7 5.Bd3 c5 6.c3 Nc6 7.Ne2 f6 8.exf6 Nxf6
9.Nf3 cxd4 10.cxd4 Bb4+ 11.Bd2 O-O 12.O-O Bxd2 13.Qxd2 Bd7 14.Rfe1 Rc8 15.a3
Qc7 16.Rac1 Ng4 17.h3 Rxf3 18.hxg4 Rff8 19.Qc2 h6 20.b4 Qd8 21.Qb2 Qg5 22.f3
Qe3+ {#R} 0-1

[Event "Tournament (open)"]
[Site "Leicester (England)"]
[Date "2007.09.22"]
[Round "2"]
[White "Edwards Alan (ENG)"]
[Black "Lane Peter Christopher (ENG)"]
[Result "0-1"]
[WhiteElo "2086"]
[BlackElo "2051"]

1.e4 e6 2.d4 d5 3.Nd2 Nf6 4.e5 Nfd7 5.c3 c5 6.Bd3 Nc6 7.Ne2 cxd4 8.cxd4 f6
9.exf6 Nxf6 10.Nf3 Bd6 11.O-O O-O 12.Nc3 Bd7 13.Re1 Kh8 14.Bg5 Qb6 15.Na4 Qc7
16.Rc1 Ng4 17.h3 Bh2+ 18.Kf1 Nxf2 19.Qc2 Nxh3 20.Be3 Qg3 21.Bf2 Rxf3 22.gxf3
Qxf3 23.Re3 Qh1+ 24.Ke2 {#R} 0-1

[Event "It (open)"]
[Site "Cesky Krumlov (Czech Republic)"]
[Date "2007.10.13"]
[Round "1"]
[White "Balka Ludvik (CZE)"]
[Black "Mojzis Jan (CZE)"]
[Result "0-1"]
[WhiteElo "1773"]
[BlackElo "2160"]

1.e4 e6 2.d4 d5 3.Nd2 Nf6 4.e5 Nfd7 5.Bd3 c5 6.c3 Nc6 7.Ndf3 cxd4 8.cxd4 Qb6
9.Ne2 f6 10.exf6 Nxf6 11.O-O Bd6 12.a3 O-O 13.b4 e5 14.dxe5 Nxe5 15.Nxe5 Bxe5
16.Be3 Qd6 17.Bc5 Bxh2+ 18.Kh1 Qe5 19.Bd4 Qh5 20.Ng3 Bg4 {#R} 0-1

[Event "It (open) \"]
[Site "Moscow (Russia)"]
[Date "2007.10.14"]
[Round "4"]
[White "Prudnikova Ekaterina (RUS)"]
[Black "Bagdasarian Aram (RUS)"]
[Result "0-1"]
[WhiteElo "2179"]
[BlackElo "2048"]

1.e4 e6 2.d4 d5 3.Nd2 Nf6 4.e5 Nfd7 5.Bd3 c5 6.c3 Nc6 7.Ne2 cxd4 8.cxd4 f6
9.exf6 Nxf6 10.O-O Bd6 11.Nf3 Qc7 12.Bg5 O-O 13.Bh4 Nh5 14.Qc2 h6 15.Bh7+ Kh8
16.Bg6 Nf4 17.Nxf4 Bxf4 18.Bg3 Bd7 19.Ne5 Rac8 20.Nxc6 Qxc6 21.Qe2 Bxg3
22.fxg3 e5 {#R} 0-1

[Event "It (open)"]
[Site "Calvia (Spain)"]
[Date "2007.10.16"]
[Round "2"]
[White "Dominguez Almansa Flora (ESP)"]
[Black "Schmitz Manuela (GER)"]
[Result "0-1"]
[WhiteElo "1408"]
[BlackElo "2035"]

1.e4 e6 2.d4 d5 3.Nd2 Nf6 4.e5 Nfd7 5.Bd3 c5 6.c3 Nc6 7.Ne2 cxd4 8.cxd4 Qb6
9.Nf3 f6 10.exf6 Nxf6 11.O-O Bd6 12.Nc3 O-O 13.a3 Bd7 14.Bc2 Rac8 15.Rb1 Qd8
16.Bg5 Qe8 17.Qd3 Qh5 18.Qd2 Ng4 19.h3 Rxf3 20.Ne2 Rxh3 {#R} 0-1

[Event "Ch City (juniors) (under 16)"]
[Site "St. Petersburg (Russia)"]
[Date "2007.11.07"]
[Round "3"]
[White "Giri Anish (NED)"]
[Black "Chernenko Ilya (RUS)"]
[Result "1-0"]
[WhiteElo "2341"]
[BlackElo "1938"]

1.e4 e6 2.d4 d5 3.Nd2 Nf6 4.e5 Nfd7 5.Bd3 c5 6.c3 Nc6 7.Ndf3 Qb6 8.Ne2 cxd4
9.cxd4 f6 10.exf6 Nxf6 11.O-O Bd6 12.Qb3 Qc7 13.Bg5 O-O 14.Bh4 Bd7 15.Bg3 e5
16.Nc3 Nb4 17.dxe5 Nxd3 18.Nxd5 Nxd5 19.Qxd5+ Kh8 20.Qxd3 {#r} 1-0

[Event "Tournament (weekend) (c)"]
[Site "Gorgonzola (Italy)"]
[Date "2007.11.11"]
[Round "2"]
[White "Madaschi Sergio (ITA)"]
[Black "Crippa Oscar (ITA)"]
[Result "1-0"]
[WhiteElo "1632"]
[BlackElo "1727"]

1.e4 e6 2.d4 d5 3.Nd2 Nf6 4.e5 Nfd7 5.Bd3 c5 6.c3 Nc6 7.Ne2 cxd4 8.cxd4 f6
9.f4 fxe5 10.fxe5 Qh4+ 11.g3 Qe7 12.O-O g6 13.Nf3 Qg7 14.Ng5 Nd8 15.Nf4 Qe7
16.Nxg6 hxg6 17.Bxg6+ Nf7 18.Rxf7 Qb4 19.Rh7+ Kd8 20.Nf7+ Kc7 21.Rxh8 {#r} 1-0

[Event "Tournament (Elo)"]
[Site "Lipetsk (Russia)"]
[Date "2007.11.16"]
[Round "6"]
[White "Venevtsev Andrey (RUS)"]
[Black "Semenkov Alexander (RUS)"]
[Result "0-1"]
[WhiteElo "2148"]
[BlackElo "2072"]

1.e4 e6 2.d4 d5 3.Nd2 Nf6 4.e5 Nfd7 5.Bd3 c5 6.c3 Nc6 7.Ne2 cxd4 8.cxd4 f6
9.Nf4 Qe7 10.exf6 Qxf6 11.Nf3 Bb4+ 12.Kf1 Bd6 13.Nh5 Qe7 14.a3 g6 15.Nf4 O-O
16.Nh3 e5 17.Bb5 e4 18.Ne1 Nb6 19.Ng1 Nxd4 20.Qxd4 Bc5 21.Qd2 Rxf2+ 22.Qxf2
Bxf2 23.Kxf2 Qc5+ {#R} 0-1

[Event "Bundesliga (2nd) 2007/08 (w)"]
[Site "Germany"]
[Date "2007.12.02"]
[Round "4"]
[White "Jaracz Barbara (POL)"]
[Black "Bluebaum Bettina (GER)"]
[Result "1-0"]
[WhiteElo "2298"]
[BlackElo "1986"]

1.e4 e6 2.d4 d5 3.Nd2 Nf6 4.e5 Nfd7 5.Bd3 c5 6.c3 Nc6 7.Ne2 cxd4 8.cxd4 Qb6
9.Nf3 f6 10.exf6 Nxf6 11.O-O Bd6 12.b3 O-O 13.Bb2 Bd7 14.Nc3 Ne7 15.Qd2 Ng4
16.Qe2 Rxf3 17.Qxf3 Bxh2+ 18.Kh1 Qxd4 19.Nxd5 Qxd5 20.Qxg4 e5 21.Qe2 Kh8
22.Kxh2 Bc6 23.f3 {#r} 1-0